Central Library OPAC University of Rajshahi

Roosevelt and the Russians : (Record no. 46253)

MARC details
000 -LEADER
fixed length control field 00789nam a2200229 a 4500
001 - CONTROL NUMBER
control field 46253
003 - CONTROL NUMBER IDENTIFIER
rucl marc code BD-RjUL
005 - DATE AND TIME OF LATEST TRANSACTION
control field 20211209054128.0
008 - FIXED-LENGTH DATA ELEMENTS--GENERAL INFORMATION
fixed length control field 1608 s1950 enk b 001 0 eng d
035 ## - SYSTEM CONTROL NUMBER
System control number (BD-RjUL)46371
040 ## - CATALOGING SOURCE
Original cataloging agency IXA
Transcribing agency IXA
Modifying agency m.c
-- BD-RjUL
Language of cataloging eng
041 ## - LANGUAGE CODE
Language code of text/sound track or separate title eng
082 ## - DEWEY DECIMAL CLASSIFICATION NUMBER
Edition number 23
Classification number 940.531
Author mark and year STR 1950
100 1# - MAIN ENTRY--PERSONAL NAME
Personal name Stettinius, Edward R.,
Fuller form of name (Edward Reilly),
Dates associated with a name 1900-1949.
9 (RLIN) 141279
245 10 - TITLE STATEMENT
Title Roosevelt and the Russians :
Remainder of title the Yalta Conference /
Statement of responsibility, etc. by Edward R. Stettinius ; edited by Walter Johnson.
260 ## - PUBLICATION, DISTRIBUTION, ETC. (IMPRINT)
Place of publication, distribution, etc. London :
Name of publisher, distributor, etc. Jonathan Cape,
Date of publication, distribution, etc. 1950.
300 ## - PHYSICAL DESCRIPTION
Pagination 320 p. ;
Size 21 cm.
500 ## - GENERAL NOTE
General note "First published 1950."
600 10 - SUBJECT ADDED ENTRY--PERSONAL NAME
Personal name Roosevelt, Franklin D.
Fuller form of name (Franklin Delano),
Dates associated with a name 1882-1945.
700 ## - ADDED ENTRY--PERSONAL NAME
Personal name Walter Johnson (editor)
942 ## - ADDED ENTRY ELEMENTS (KOHA)
Source of classification or shelving scheme Dewey Decimal Classification
Koha item type Books
Holdings
Lost status Source of classification or shelving scheme Damaged status Not for loan Collection code Permanent Location Current Location Shelving location Date acquired Source of acquisition Cost, normal purchase price Total Checkouts Full call number Date last seen Copy number Koha item type
  Dewey Decimal Classification     Non-fiction Central Library, University of Rajshahi Central Library, University of Rajshahi   25/01/1955 W.B.C 10.00   940.531 STR 1950 01/08/2016 C-2 Books